| 000 | 01099nam0a22002411 4500 | ||
|---|---|---|---|
| 001 | rc\4336211 | ||
| 005 | 20130416133839.6 | ||
| 035 | _a(NLR Aleph) 008272535 | ||
| 090 |
_a8465370 _c8465370 |
||
| 100 | _a20130416d1963 u y0rusy50 ca | ||
| 101 | 0 | _arus | |
| 102 | _aRU | ||
| 105 | _aa z ||||| | ||
| 200 | 1 |
_aЦентрализованная система смазки для прессов усилием до 100 т _f[Гос. ком. Совета Министров РСФСР по координации науч.-исслед. работ. Гос. науч.-исслед. ин-т науч. и техн. информации] |
|
| 210 |
_aМосква _cБ. и. _d1963 |
||
| 215 |
_a6 с. _cчерт. _d14 |
||
| 225 | 1 |
_aПередовой научно-технический и производственный опыт _v№ 3-63-758/10 |
|
| 700 | 1 |
_7ca _8rus _aГусев _bА. Н. _cштамповщик _gАлександр Николаевич _92704730 _3RU\NLR\AUTH\770292169 |
|
| 801 | 0 |
_aRU _bNLR _gpsbo |
|
| 801 | 1 |
_aRU _bELAR _2rusmarc |
|
| 852 |
_aNLR _jП11/2295 |
||
| 942 | _cBOOK | ||
| 980 | _aNB | ||